000 00662nam a2200277Ia 4500
005 20260324122909.0
008 008 260324s9999 xx 000 0 eng d
020 _a9780429098420
037 _aEBOOK
040 _aCRL
040 _beng
040 _cCRL
041 _2eng
041 _aeng
084 _qCRL
100 _aA. K. Haghi; Mathew Sebastian; Neethu Ninan
_91168244
245 0 _aNanomedicine and Drug Delivery
260 _bTaylor and Francis
260 _c2012
365 _a
365 _b300
856 _uhttp://www.taylorfrancis.com/books/9780429098420
942 _cEBOOK
999 _c1761310
_d1761310